000 01012nam a22003377a 4500
001 0025382
003 KOHA_MİRAKIL
005 20260207002503.0
007 ta
008 101112b2010 tu |||gr||||#0|||1|tur |
020 _a9789756107263
_c5,32
040 _aTR-BiSEU
_btur
_cTR-BiSEU
_erda
041 0 _atur
044 _ctu
050 _aPQ2226.A2
_bS59 2010
100 1 _aDumas, Alexandre.
245 1 _aSiyah lâle/
_cAlexandre Dumas ; Alexandre Dumas; çeviren Onur Şen.
264 1 _aİstanbul :
_bLaciver Yayıncılık
_c2010
300 _a240 sayfa; 20 cm.
336 _ametin
_btxt
_2rdacontent
337 _aaracısız
_bn
_2rdamedia
338 _acilt
_bnc
_2rdacarrier
490 1 _aAntik Dünya Klasikleri ;
_v06.
490 1 _aBatı Klasikleri Dizisi ;
_v03.
650 0 _aFrench fiction.
_92076
650 0 _aFransız romanı.
_92075
830 1 _aAntik Dünya Klasikleri ;
_v06.
_97441
830 1 _aBatı Klasikleri Dizisi ;
_v03.
_97442
907 _aRoman
942 _2lcc
_cBK
999 _c25331
_d25331